Ontological Based data Mediation for HL7 V2,4 HL7 V3 Transformation (Record no. 566258)
[ view plain ]
| 000 -LEADER | |
|---|---|
| fixed length control field | 00511nam a22001577a 4500 |
| 020 ## - INTERNATIONAL STANDARD BOOK NUMBER | |
| Qualifying information | Hard Cover |
| 082 ## - DEWEY DECIMAL CLASSIFICATION NUMBER | |
| Classification number | MS-IT-9 |
| 100 ## - MAIN ENTRY--PERSONAL NAME | |
| Personal name | Sarmad Jadoon |
| 245 ## - TITLE STATEMENT | |
| Title | Ontological Based data Mediation for HL7 V2,4 HL7 V3 Transformation |
| Statement of responsibility, etc. | Sarmad Jadoon |
| 260 ## - PUBLICATION, DISTRIBUTION, ETC. | |
| Place of publication, distribution, etc. | Islamabad |
| Name of publisher, distributor, etc. | SEECS-NUST |
| Date of publication, distribution, etc. | 2012. |
| 300 ## - PHYSICAL DESCRIPTION | |
| Extent | 94p. |
| Dimensions | 30cm. |
| 856 ## - Uniform Resource Identifier | |
| Uniform Resource Identifier | <a href="http://10.250.8.41:8080/xmlui/handle/123456789/13673">http://10.250.8.41:8080/xmlui/handle/123456789/13673</a> |
| 942 ## - ADDED ENTRY ELEMENTS (KOHA) | |
| Source of classification or shelving scheme | |
| Koha item type | Thesis |
| 700 ## - ADDED ENTRY--PERSONAL NAME | |
| -- | 55404 |
| Withdrawn status | Lost status | Source of classification or shelving scheme | Damaged status | Not for loan | Permanent Location | Current Location | Shelving location | Date acquired | Total Checkouts | Full call number | Barcode | Date last seen | Price effective from | Koha item type |
|---|---|---|---|---|---|---|---|---|---|---|---|---|---|---|
| Central Library (CL) | Central Library (CL) | Thesis | 06/17/2021 | MS-IT-9 SAR | SEECSP01205 | 06/17/2021 | 06/17/2021 | Thesis |
